Medzníky vo výkazníctve komerčných poisťovní
Regulácia rizík, plnenie požiadaviek kapitálovej dostatočnosti (solventnosti) a posilnenie obozretného dohľadu nad celým finančným trhom v rámci EÚ. Efektívne riadenie rizík. Regulácia Solvency II a zmeny vo fungovaní poistného sektora. Požiadavky zo smernice implementované do zákona o poisťovníctve...
Saved in:
| Main Author: | |
|---|---|
| Format: | Book Chapter |
| Language: | Slovak |
| Subjects: | |
| Tags: |
No Tags, Be the first to tag this record!
|
MARC
| LEADER | 00000naa$a2200000$$$4500 | ||
|---|---|---|---|
| 001 | 0249630 | ||
| 005 | 20240502074007.8 | ||
| 041 | 0 | |a slo | |
| 044 | |a SK | ||
| 245 | 1 | 0 | |a Medzníky vo výkazníctve komerčných poisťovní |c Jitka Meluchová |
| 520 | |a Regulácia rizík, plnenie požiadaviek kapitálovej dostatočnosti (solventnosti) a posilnenie obozretného dohľadu nad celým finančným trhom v rámci EÚ. Efektívne riadenie rizík. Regulácia Solvency II a zmeny vo fungovaní poistného sektora. Požiadavky zo smernice implementované do zákona o poisťovníctve. Opatrenia vydané NBS. Odporúčania NBS preberajúce usmernenia orgánu EIOPA (Európsky orgán pre poisťovníctvo a dôchodkové poistenie zamestnancov). Prechod na nový štandard IFRS 17 Poistné zmluvy. | ||
| 610 | 2 | 0 | |a poisťovníctvo |
| 610 | 2 | 0 | |a poisťovne komerčné |
| 610 | 2 | 0 | |a solventnosť |
| 610 | 2 | 0 | |a riadenie rizík |
| 610 | 2 | 0 | |a smernice |
| 610 | 2 | 0 | |a regulácia |
| 610 | 2 | 0 | |a legislatíva |
| 610 | 2 | 0 | |a IFRS |
| 610 | 2 | 0 | |a oceňovanie |
| 610 | 2 | 0 | |a zmluvy poistné |
| 610 | 2 | 0 | |a výkazníctvo finančné |
| 610 | 2 | 0 | |a Európska únia |
| 610 | 2 | 0 | |a Slovensko |
| 100 | 1 | |a Meluchová, Jitka, 1965- | |